[Event "Montreal op"]
[Site "Montreal"]
[Date "2009.09.12"]
[Round "2"]
[White "Poulin, Mathieu"]
[Black "Audet Bouchard, Nicolas"]
[Result "1-0"]
[WhiteElo "1949"]
[BlackElo "2123"]
[PlyCount "105"]
[EventDate "2009.09.11"]
[EventType "swiss"]
[EventRounds "5"]
[EventCountry "CAN"]
[SourceTitle "EXT 2011"]
[Source "ChessBase"]
[SourceDate "2010.11.26"]
[SourceVersion "1"]
[SourceVersionDate "2010.11.26"]
[SourceQuality "1"]

1. d4 Nf6 2. c4 d6 3. Nc3 Nbd7 4. e4 e5 5. Nf3 Be7 6. Be2 0-0 7. 0-0 c5 8. dxe5 dxe5 9. Qc2 Re8 10. Rd1 Qc7 11. Nd5 Nxd5 12. cxd5 Bd6 13. Nd2 Nf6 14. a4 a5 15. Nc4 Rf8 16. Ra3 b6 17. Bg5 Ne8 18. Qb3 Rb8 19. Qg3 f6 20. Bd2 Kh8 21. Qh4 g6 22. g4 Rf7 23. Rf3 Ba6 24. b3 Bxc4 25. Bxc4 Qe7 26. Bc3 g5 27. Qg3 Nc7 28. Kg2 Rg8 29. Rh1 Rg6 30. Rf5 Rfg7 31. Qd3 Rh6 32. Bb5 Rgg6 33. Be1 Kg7 34. f3 Kf7 35. h4 gxh4 36. Bd2 Qf8 37. Bxh6 Qxh6 38. Kh3 Kg7 39. Rg1 c4 40. bxc4 Bc5 41. Rd1 Rg5 42. Qd2 Qg6 43. Rxg5 fxg5 44. Bd7 Bd4 45. Bf5 Qf6 46. c5 Bxc5 47. d6 Ne8 48. d7 Nd6 49. Qd5 Bd4 50. Rc1 Nf7 51. Rc8 Nd8 52. Qa8 Nf7 53. Rg8+ 1-0

[Event "Montreal Unisource-A 3rd"]
[Site "Montreal"]
[Date "2008.11.07"]
[Round "1"]
[White "Kraiouchkine, Nikita"]
[Black "Audet Bouchard, Nicolas"]
[Result "0-1"]
[WhiteElo "2284"]
[BlackElo "2095"]
[PlyCount "130"]
[EventDate "2008.11.07"]
[EventType "tourn"]
[EventRounds "5"]
[EventCountry "CAN"]
[SourceTitle "EXT 2011"]
[Source "ChessBase"]
[SourceDate "2010.11.26"]
[SourceVersion "1"]
[SourceVersionDate "2010.11.26"]
[SourceQuality "1"]

1. e4 c5 2. Nf3 Nc6 3. d4 cxd4 4. Nxd4 Nf6 5. Nc3 d6 6. Bc4 Qb6 7. Nde2 a6 8. 0-0 e6 9. Bb3 Be7 10. h3 0-0 11. Be3 Qc7 12. f4 b5 13. f5 Na5 14. fxe6 fxe6 15. Nf4 Nxb3 16. axb3 Qc6 17. Qd3 b4 18. Na4 Rb8 19. Qc4 Qxe4 20. Qxe4 Nxe4 21. Nb6 Bg5 22. Rae1 Ng3 23. Rf3 Bxf4 24. Rxf4 Rxf4 25. Bxf4 Rxb6 26. Bxg3 e5 27. Re2 Bf5 28. Be1 Kf7 29. Kf2 Ke6 30. Ke3 d5 31. Kd2 d4 32. g4 Bg6 33. Rf2 Rc6 34. Kd1 a5 35. Rd2 Kd5 36. Bg3 Rc5 37. Bh2 Rc8 38. Bg3 Rc6 39. Bh2 Ra6 40. c3 a4 41. cxd4 exd4 42. Bg1 d3 43. bxa4 Rxa4 44. Ke1 Ra1+ 45. Kf2 Ke4 46. Bh2 b3 47. Bd6 Rh1 48. Kg2 Rc1 49. Kf2 Be8 50. Bb4 Bd7 51. Bc3 g6 52. Bb4 h5 53. gxh5 gxh5 54. h4 Bg4 55. Be7 Be2 56. Bg5 Rh1 57. Kg2 Bf3+ 58. Kg3 Be2 59. Kg2 Ra1 60. Kf2 Kf5 61. Kg3 Rg1+ 62. Kf2 Rxg5 63. hxg5 Kxg5 64. Kg3 h4+ 65. Kh3 Kf4 0-1

[Event "Quebec op U2400"]
[Site "Montreal"]
[Date "2008.07.26"]
[Round "8"]
[White "Audet Bouchard, Nicolas"]
[Black "Kraiouchkine, Nikita"]
[Result "0-1"]
[WhiteElo "2154"]
[BlackElo "2235"]
[PlyCount "92"]
[EventDate "2008.07.19"]
[EventType "swiss"]
[EventRounds "9"]
[EventCountry "CAN"]
[SourceTitle "EXT 2011"]
[Source "ChessBase"]
[SourceDate "2010.11.26"]
[SourceVersion "1"]
[SourceVersionDate "2010.11.26"]
[SourceQuality "1"]

1. e4 e5 2. Nf3 Nc6 3. Bb5 f5 4. d3 Nf6 5. exf5 Ne7 6. g4 c6 7. g5 Qa5+ 8. Bd2 Qxb5 9. Nc3 Qb6 10. gxf6 gxf6 11. Nh4 h5 12. Ng6 Nxg6 13. fxg6 d5 14. Qe2 Bg7 15. 0-0-0 Be6 16. Kb1 0-0-0 17. Na4 Qb5 18. b3 c5 19. c4 Qc6 20. Rhg1 dxc4 21. dxc4 Bg4 22. Rxg4 hxg4 23. Qxg4+ Qd7 24. Qxd7+ Rxd7 25. Nxc5 Rd6 26. Ne4 Rd4 27. Ng3 Rxh2 28. Nf5 Rd7 29. Nxg7 Rxg7 30. Rg1 Rxf2 31. Bh6 Rg8 32. Be3 Rh2 33. Bxa7 Kd7 34. Bc5 Ke6 35. a4 f5 36. g7 f4 37. a5 e4 38. Bd4 f3 39. Kc1 Rg2 40. Rf1 Rd8 41. Rd1 Kf7 42. Bc5 Rxd1+ 43. Kxd1 Kxg7 44. b4 Kf6 45. b5 Ra2 46. Bb6 f2 0-1

[Event "Quebec Montcalm 1 2007-08"]
[Site "Quebec"]
[Date "2007.09.06"]
[Round "1"]
[White "Audet Bouchard, Nicolas"]
[Black "Cournoyer, Dominic"]
[Result "0-1"]
[WhiteElo "2150"]
[BlackElo "1791"]
[PlyCount "90"]
[EventDate "2007.09.06"]
[EventType "swiss"]
[EventRounds "5"]
[EventCountry "CAN"]
[SourceTitle "EXT 2022"]
[Source "ChessBase"]
[SourceDate "2021.10.06"]
[SourceVersion "1"]
[SourceVersionDate "2021.10.06"]
[SourceQuality "1"]

1. c4 d5 2. cxd5 Nf6 3. Nc3 Nxd5 4. g3 g6 5. Bg2 c6 6. Nf3 Bg7 7. 0-0 0-0 8. e4 Nxc3 9. bxc3 e5 10. Ba3 Re8 11. Qc2 Nd7 12. Rad1 Nb6 13. d4 exd4 14. cxd4 Be6 15. Rfe1 Rc8 16. Bc5 Nd7 17. Bd6 Qa5 18. Rb1 b5 19. a3 Nb6 20. Ne5 Nc4 21. Nxc4 Bxc4 22. e5 Bf8 23. Bxf8 Rxf8 24. h4 Qxa3 25. Qd2 Rfd8 26. Ra1 Qe7 27. h5 Bd5 28. Bh3 Rc7 29. hxg6 fxg6 30. e6 Qf6 31. f4 Re7 32. Re5 Bc4 33. Qe3 Rd6 34. Re1 b4 35. g4 Rdxe6 36. g5 Rxe5 37. dxe5 Qf7 38. e6 Qg7 39. Qc5 Qc3 40. Re3 Qc1+ 41. Kh2 Qd2+ 42. Kg3 Bd5 43. Bg4 Qg2+ 44. Kh4 Qf2+ 45. Rg3 Qxc5 0-1

[Event "Quebec-ch"]
[Site "Quebec"]
[Date "2007.06.25"]
[Round "5"]
[White "Audet Bouchard, Nicolas"]
[Black "Fareh, Youness"]
[Result "1/2-1/2"]
[WhiteElo "2204"]
[BlackElo "2187"]
[PlyCount "92"]
[EventDate "2007.06.21"]
[EventType "tourn"]
[EventRounds "9"]
[EventCountry "CAN"]
[SourceTitle "CBM 119 Extra"]
[Source "ChessBase"]
[SourceDate "2007.09.04"]
[SourceVersion "1"]
[SourceVersionDate "2007.09.04"]
[SourceQuality "1"]

1. e4 c5 2. Nf3 e6 3. d4 cxd4 4. Nxd4 Nf6 5. Nc3 Nc6 6. Ndb5 Bb4 7. a3 Bxc3+ 8. Nxc3 d5 9. exd5 exd5 10. Bd3 0-0 11. 0-0 d4 12. Ne2 Bg4 13. f3 Bh5 14. Nf4 Bg6 15. Nxg6 hxg6 16. f4 Ne7 17. Bd2 Nf5 18. Qf3 Qb6 19. a4 Rfe8 20. a5 Qc6 21. Qxc6 bxc6 22. Rfe1 Nd5 23. Kf2 Nd6 24. g3 Rab8 25. b3 c5 26. Kf3 Kf8 27. h4 f5 28. Rh1 Kf7 29. a6 Nb4 30. Bxb4 Rxb4 31. Ra5 c4 32. bxc4 Nxc4 33. Rc5 Nb2 34. Be2 Na4 35. Rc6 Re3+ 36. Kf2 Rc3 37. Rxc3 Nxc3 38. Bd3 Ne4+ 39. Kf3 Nc5 40. Ke2 Ra4 41. h5 Ra3 42. hxg6+ Kxg6 43. Bxf5+ Kxf5 44. Rh5+ Kg4 45. Rxc5 Kxg3 46. Rc4 Rxa6 1/2-1/2

[Event "Quebec-ch"]
[Site "Quebec"]
[Date "2007.06.24"]
[Round "4"]
[White "Voskanyan, Vahagn"]
[Black "Audet Bouchard, Nicolas"]
[Result "1/2-1/2"]
[WhiteElo "2275"]
[BlackElo "2204"]
[PlyCount "88"]
[EventDate "2007.06.21"]
[EventType "tourn"]
[EventRounds "9"]
[EventCountry "CAN"]
[SourceTitle "CBM 119 Extra"]
[Source "ChessBase"]
[SourceDate "2007.09.04"]
[SourceVersion "1"]
[SourceVersionDate "2007.09.04"]
[SourceQuality "1"]

1. e4 c5 2. Nf3 Nc6 3. Bb5 e6 4. 0-0 Nge7 5. c3 a6 6. Ba4 b5 7. Bc2 c4 8. d4 cxd3 9. Bxd3 Bb7 10. Bg5 f6 11. Be3 Ng6 12. a4 b4 13. Nbd2 bxc3 14. bxc3 Nce5 15. Nxe5 Nxe5 16. Be2 Qc7 17. Rb1 Be7 18. f4 Nf7 19. Qb3 Bc6 20. c4 0-0 21. c5 Rfb8 22. Qc2 g6 23. Bc4 f5 24. Rxb8+ Rxb8 25. Bxa6 Qa7 26. Bb5 Bxb5 27. axb5 Rxb5 28. Rc1 Qb7 29. exf5 exf5 30. Qc3 Qd5 31. h3 Nd8 32. Kh2 Ne6 33. c6 dxc6 34. Qxc6 Qxc6 35. Rxc6 Kf7 36. Nc4 Rd5 37. Rb6 Bd8 38. Rb7+ Kg8 39. Rb8 Kf7 40. Kg1 Bc7 41. Rb7 Kg8 42. g3 h6 43. Kg2 g5 44. fxg5 hxg5 1/2-1/2

[Event "Quebec-ch"]
[Site "Quebec"]
[Date "2007.06.21"]
[Round "1"]
[White "Audet Bouchard, Nicolas"]
[Black "Ye, Ling Feng"]
[Result "1-0"]
[WhiteElo "2204"]
[BlackElo "2141"]
[PlyCount "85"]
[EventDate "2007.06.21"]
[EventType "tourn"]
[EventRounds "9"]
[EventCountry "CAN"]
[SourceTitle "CBM 119 Extra"]
[Source "ChessBase"]
[SourceDate "2007.09.04"]
[SourceVersion "1"]
[SourceVersionDate "2007.09.04"]
[SourceQuality "1"]

1. e4 c5 2. Nf3 e6 3. d4 cxd4 4. Nxd4 Nf6 5. Nc3 d6 6. Be3 a6 7. f4 Be7 8. Qf3 Qc7 9. 0-0-0 b5 10. Bd3 Bb7 11. g4 b4 12. Nce2 Nc6 13. g5 Nd7 14. Kb1 d5 15. exd5 Nxd4 16. Bxd4 Bxd5 17. Be4 Bxe4 18. Qxe4 0-0 19. Bxg7 Kxg7 20. Qd4+ Kg8 21. Qxd7 Rac8 22. Qxc7 Rxc7 23. Rd4 Rfc8 24. c3 bxc3 25. Nxc3 Rc4 26. Rhd1 Kg7 27. Ne2 Rc2 28. Rc1 Rxc1+ 29. Nxc1 Kg6 30. Nd3 Rd8 31. Rxd8 Bxd8 32. Kc2 Kf5 33. b4 f6 34. gxf6 Bxf6 35. a4 e5 36. fxe5 Bxe5 37. Nxe5 Kxe5 38. Kc3 h5 39. h4 Kd5 40. Kd3 Ke5 41. Kc4 Kd6 42. Kd4 Kc6 43. Ke5 1-0

[Event "Montcalm-ch"]
[Site "Quebec"]
[Date "2007.05.17"]
[Round "3"]
[White "Audet Bouchard, Nicolas"]
[Black "Lessard, Claude"]
[Result "0-1"]
[WhiteElo "2262"]
[BlackElo "2069"]
[PlyCount "142"]
[EventDate "2007.05.03"]
[EventType "tourn"]
[EventRounds "5"]
[EventCountry "CAN"]
[SourceTitle "EXT 2022"]
[Source "ChessBase"]
[SourceDate "2021.10.06"]
[SourceVersion "1"]
[SourceVersionDate "2021.10.06"]
[SourceQuality "1"]

1. e4 c5 2. Nf3 Nc6 3. Bb5 a6 4. Bxc6 dxc6 5. 0-0 Bg4 6. h3 Bh5 7. b3 e6 8. Bb2 Nf6 9. d3 Be7 10. Nbd2 Nd7 11. Qe2 0-0 12. e5 Qc7 13. Rfe1 Bg6 14. Ne4 b5 15. Ng3 Nb6 16. c4 Rfd8 17. Red1 h6 18. Ne4 Rd7 19. a4 bxa4 20. bxa4 Rad8 21. Rd2 Rb8 22. Bc3 Nc8 23. Rdd1 Qd8 24. Ne1 Rb3 25. Rdb1 Rdb7 26. Nd2 Rxb1 27. Rxb1 Rxb1 28. Nxb1 Qb6 29. Nd2 h5 30. Qd1 Qd8 31. Nb3 Qd7 32. Nc1 Bg5 33. Ne2 Nb6 34. f4 Be7 35. Qb3 Nc8 36. Bd2 h4 37. Be3 Qa7 38. Kf2 Nb6 39. Nc3 Nd7 40. Ne4 Bxe4 41. dxe4 Qb6 42. Qc2 g5 43. fxg5 Nxe5 44. Nd3 Ng6 45. Qb2 Qc7 46. e5 Qa5 47. Qb3 Qc7 48. Qb2 Qd8 49. Qd2 Qb6 50. g3 Qb3 51. gxh4 Nxh4 52. Nxc5 Qxc4 53. Qd3 Qa2+ 54. Qe2 Qd5 55. Qg4 Ng6 56. Ne4 Qxe5 57. Kg2 Qf5 58. Qxf5 exf5 59. Nf6+ Bxf6 60. gxf6 Ne5 61. Kg3 Kh7 62. Kf4 Nc4 63. Bd4 Kg6 64. h4 Nd6 65. Be5 Nb7 66. h5+ Kxh5 67. Kxf5 Nc5 68. Bd6 Nxa4 69. Bf4 Nc3 70. Bd2 Nb5 71. Bc1 a5 0-1

[Event "Montcalm-ch"]
[Site "Quebec"]
[Date "2007.05.03"]
[Round "1"]
[White "Auger, Bertrand"]
[Black "Audet Bouchard, Nicolas"]
[Result "0-1"]
[WhiteElo "2032"]
[BlackElo "2262"]
[PlyCount "92"]
[EventDate "2007.05.03"]
[EventType "tourn"]
[EventRounds "5"]
[EventCountry "CAN"]
[SourceTitle "EXT 2022"]
[Source "ChessBase"]
[SourceDate "2021.10.06"]
[SourceVersion "1"]
[SourceVersionDate "2021.10.06"]
[SourceQuality "1"]

1. Nf3 Nf6 2. g3 c5 3. Bg2 d5 4. 0-0 Nc6 5. d4 cxd4 6. Nxd4 e6 7. c4 Bc5 8. Nb3 Be7 9. cxd5 exd5 10. Be3 0-0 11. Nc3 Be6 12. h3 b6 13. Nd4 Nxd4 14. Bxd4 Qd7 15. Bxf6 Bxf6 16. Nxd5 Bxb2 17. Rb1 Be5 18. Kh2 Rad8 19. Nb4 Qc7 20. Qa4 Rd4 21. Qc6 Rc4 22. Qxc7 Rxc7 23. Rfc1 Rfc8 24. Rxc7 Rxc7 25. Rd1 Bf6 26. Rd2 Rc1 27. Nd5 h6 28. f4 Bd8 29. h4 b5 30. e4 g6 31. Bf3 Ba5 32. Rb2 a6 33. Ne7+ Kf8 34. f5 Kxe7 35. fxe6 Kxe6 36. Bg4+ Ke5 37. Re2 Bb6 38. Bd7 f6 39. Be8 g5 40. h5 Rc4 41. Bg6 b4 42. Rd2 Bd4 43. Kg2 a5 44. Kf3 a4 45. Bf7 Rc3+ 46. Ke2 Rxg3 0-1

[Event "Quebec Montcalm op 6 2006-07"]
[Site "Quebec"]
[Date "2007.04.26"]
[Round "5"]
[White "Audet Bouchard, Nicolas"]
[Black "Lessard, Claude"]
[Result "1-0"]
[WhiteElo "2226"]
[BlackElo "1990"]
[PlyCount "89"]
[EventDate "2007.03.29"]
[EventType "swiss"]
[EventRounds "5"]
[EventCountry "CAN"]
[SourceTitle "EXT 2022"]
[Source "ChessBase"]
[SourceDate "2021.10.06"]
[SourceVersion "1"]
[SourceVersionDate "2021.10.06"]
[SourceQuality "1"]

1. e4 c5 2. Nf3 d6 3. Bb5+ Bd7 4. Bxd7+ Qxd7 5. 0-0 e5 6. c3 Nf6 7. Re1 Qc6 8. d4 Nbd7 9. d5 Qa6 10. b3 h6 11. c4 g5 12. Nc3 Qa5 13. Bd2 Qd8 14. Be3 Be7 15. Nd2 Nf8 16. Nf1 Ng6 17. Ng3 Nh4 18. a3 Qd7 19. b4 b6 20. bxc5 bxc5 21. Rb1 0-0 22. Qa4 Qxa4 23. Nxa4 Rfb8 24. f3 Nd7 25. Nf1 f5 26. Nd2 f4 27. Bf2 Ng6 28. Rb5 a6 29. Rxb8+ Rxb8 30. Rb1 Rxb1+ 31. Nxb1 Bd8 32. Be1 Ne7 33. Bc3 Kf7 34. g4 Ng6 35. Kf2 Ke7 36. Nd2 Nb6 37. Nb2 Kd7 38. Nb3 Ne7 39. Bxe5 dxe5 40. Nxc5+ Kd6 41. Nxa6 Nd7 42. c5+ Nxc5 43. Nc4+ Kd7 44. Nxc5+ Kc8 45. Nd3 1-0

[Event "Quebec Montcalm op 6 2006-07"]
[Site "Quebec"]
[Date "2007.04.19"]
[Round "4"]
[White "Chiffot, Nicolas"]
[Black "Audet Bouchard, Nicolas"]
[Result "0-1"]
[WhiteElo "1877"]
[BlackElo "2226"]
[PlyCount "62"]
[EventDate "2007.03.29"]
[EventType "swiss"]
[EventRounds "5"]
[EventCountry "CAN"]
[SourceTitle "EXT 2022"]
[Source "ChessBase"]
[SourceDate "2021.10.06"]
[SourceVersion "1"]
[SourceVersionDate "2021.10.06"]
[SourceQuality "1"]

1. d4 Nf6 2. Nf3 d6 3. c4 Nbd7 4. Nc3 e5 5. g3 Be7 6. Bg2 c6 7. e4 0-0 8. 0-0 Re8 9. h3 a6 10. a4 a5 11. Be3 Qc7 12. Nh2 exd4 13. Qxd4 Nc5 14. Rad1 Nfd7 15. f4 Bf6 16. e5 dxe5 17. Qd2 exf4 18. Bxf4 Ne5 19. Ng4 Bxg4 20. hxg4 Qb6 21. Bxe5 Nb3+ 22. Qf2 Qxf2+ 23. Rxf2 Bxe5 24. Rd7 Bd4 25. Rxb7 Nc5 26. Rc7 Re1+ 27. Bf1 Nd3 28. Rd7 Bxf2+ 29. Kg2 Nc5 30. Kxf2 Rxf1+ 31. Kxf1 Nxd7 0-1

[Event "Quebec Montcalm op 6 2006-07"]
[Site "Quebec"]
[Date "2007.03.29"]
[Round "1"]
[White "Caron, Sebastien"]
[Black "Audet Bouchard, Nicolas"]
[Result "0-1"]
[WhiteElo "1918"]
[BlackElo "2225"]
[PlyCount "119"]
[EventDate "2007.03.29"]
[EventType "swiss"]
[EventRounds "5"]
[EventCountry "CAN"]
[SourceTitle "EXT 2022"]
[Source "ChessBase"]
[SourceDate "2021.10.06"]
[SourceVersion "1"]
[SourceVersionDate "2021.10.06"]
[SourceQuality "1"]

1. e4 c5 2. Nf3 Nc6 3. d4 cxd4 4. Nxd4 Nf6 5. Nc3 d6 6. Be2 e5 7. Nb3 Be7 8. Be3 0-0 9. 0-0 Be6 10. Qd2 a5 11. Rad1 a4 12. Nc1 a3 13. b3 Rc8 14. f3 Nb4 15. Bd3 d5 16. Nxd5 Nfxd5 17. exd5 Nxd5 18. Bf2 Bb4 19. Qe2 Nc3 20. Qxe5 Nxd1 21. Bd4 Qxd4+ 22. Qxd4 Bc5 23. Qxc5 Rxc5 24. Rxd1 Bf5 25. Bxf5 Rxf5 26. Ne2 h5 27. h4 Rc5 28. c3 Re8 29. Kf2 Kf8 30. Rd7 Rce5 31. Rd2 Ke7 32. c4 b5 33. Nd4 Kf6 34. Nxb5 Re1 35. Nxa3 Rh1 36. Kg3 g5 37. hxg5+ Kxg5 38. Nc2 h4+ 39. Kf2 h3 40. Rd5+ Kg6 41. Nd4 h2 42. Kg3 Rh8 43. Ne2 Re1 44. Nf4+ Kf6 45. Nh5+ Rxh5 46. Rxh5 h1Q 47. Rxh1 Rxh1 48. Kf4 Ra1 49. Ke4 Ke6 50. Kd4 Rxa2 51. Kc5 Rxg2 52. b4 Rf2 53. Kb6 Rxf3 54. c5 Rc3 55. b5 Kd7 56. c6+ Kc8 57. Ka7 Kc7 58. b6+ Kxc6 59. b7 Ra3+ 60. Kb8 0-1

[Event "Quebec Montcalm op 5 2006-07"]
[Site "Quebec"]
[Date "2007.03.22"]
[Round "5"]
[White "Audet Bouchard, Nicolas"]
[Black "Chiffot, Nicolas"]
[Result "1-0"]
[WhiteElo "2242"]
[BlackElo "1804"]
[PlyCount "53"]
[EventDate "2007.02.15"]
[EventType "swiss"]
[EventRounds "5"]
[EventCountry "CAN"]
[SourceTitle "EXT 2022"]
[Source "ChessBase"]
[SourceDate "2021.10.06"]
[SourceVersion "1"]
[SourceVersionDate "2021.10.06"]
[SourceQuality "1"]

1. e4 c5 2. Nf3 e6 3. d4 cxd4 4. Nxd4 Nf6 5. Nc3 d6 6. Be3 a6 7. f3 Qc7 8. Qd2 Nc6 9. g4 h6 10. 0-0-0 Be7 11. h4 Ne5 12. Rg1 b5 13. g5 hxg5 14. hxg5 Nfd7 15. f4 Nc4 16. Bxc4 Qxc4 17. g6 Bf6 18. gxf7+ Kxf7 19. b3 Qb4 20. e5 dxe5 21. Nxe6 Rh2 22. Qd5 Ke7 23. Ng5 Bxg5 24. Rxg5 Qa3+ 25. Kb1 Rb8 26. Rxg7+ Kd8 27. Rxd7+ 1-0

[Event "Quebec Montcalm op 5 2006-07"]
[Site "Quebec"]
[Date "2007.03.01"]
[Round "3"]
[White "Caron, Sebastien"]
[Black "Audet Bouchard, Nicolas"]
[Result "0-1"]
[WhiteElo "1871"]
[BlackElo "2242"]
[PlyCount "102"]
[EventDate "2007.02.15"]
[EventType "swiss"]
[EventRounds "5"]
[EventCountry "CAN"]
[SourceTitle "EXT 2022"]
[Source "ChessBase"]
[SourceDate "2021.10.06"]
[SourceVersion "1"]
[SourceVersionDate "2021.10.06"]
[SourceQuality "1"]

1. e4 c5 2. Nf3 Nc6 3. d4 cxd4 4. Nxd4 Nf6 5. Nc3 d6 6. Be3 Ng4 7. Qd2 Nxe3 8. Qxe3 g6 9. Nxc6 bxc6 10. e5 Qb6 11. Qxb6 axb6 12. exd6 exd6 13. Bd3 Bg7 14. Nd1 0-0 15. 0-0 Re8 16. c3 Bh6 17. a3 b5 18. f3 Ra7 19. Nf2 f5 20. Rfe1 Rae7 21. Rxe7 Rxe7 22. Kf1 Kf7 23. Re1 Be6 24. g3 Bb3 25. Rxe7+ Kxe7 26. f4 Bg7 27. Ke2 d5 28. Ke3 Kd6 29. h3 d4+ 30. cxd4 Kd5 31. Kd2 Bxd4 32. Nd1 Bxd1 33. Kxd1 Bxb2 34. g4 fxg4 35. hxg4 Bxa3 36. f5 gxf5 37. Bxf5 h6 38. Kc2 Kc4 39. Be6+ Kb4 40. Bd7 c5 41. Be6 c4 42. Bf5 Kc5 43. Be6 b4 44. Bf7 b3+ 45. Kc3 Bb4+ 46. Kb2 Bd2 47. Bg6 Kb4 48. Kb1 Be3 49. Bf7 Bb6 50. Kb2 c3+ 51. Kc1 Be3+ 0-1

[Event "Quebec Carnaval"]
[Site "Quebec"]
[Date "2007.02.25"]
[Round "4"]
[White "Audet Bouchard, Nicolas"]
[Black "Bourassa, Samuel"]
[Result "1-0"]
[WhiteElo "2242"]
[BlackElo "2029"]
[PlyCount "57"]
[EventDate "2007.02.23"]
[EventType "swiss"]
[EventRounds "5"]
[EventCountry "CAN"]
[SourceTitle "EXT 2022"]
[Source "ChessBase"]
[SourceDate "2021.10.06"]
[SourceVersion "1"]
[SourceVersionDate "2021.10.06"]
[SourceQuality "1"]

1. e4 c5 2. Nf3 d6 3. d4 cxd4 4. Nxd4 Nf6 5. Nc3 g6 6. Be3 Bg7 7. f3 0-0 8. Qd2 Nc6 9. Bc4 Bd7 10. 0-0-0 Rc8 11. Bb3 Ne5 12. h4 h5 13. Bg5 Rc5 14. g4 hxg4 15. Bxf6 Bxf6 16. Nd5 Bg7 17. h5 e6 18. Ne3 gxh5 19. fxg4 Nxg4 20. Nxg4 hxg4 21. Qh2 Re8 22. Kb1 Re5 23. Rdf1 Kf8 24. Qf4 Qe7 25. Qxg4 Rg5 26. Qd1 Bc6 27. Nxe6+ Kg8 28. Nxg5 Qxg5 29. Bxf7+ 1-0

[Event "St Jean op"]
[Site "St Jean sur Richelieu"]
[Date "2006.06.25"]
[Round "5"]
[White "Carrier, Claude"]
[Black "Audet Bouchard, Nicolas"]
[Result "0-1"]
[WhiteElo "1982"]
[BlackElo "2190"]
[PlyCount "64"]
[EventDate "2006.06.23"]
[EventType "swiss"]
[EventRounds "6"]
[EventCountry "CAN"]
[SourceTitle "CBM 113 Extra"]
[Source "ChessBase"]
[SourceDate "2006.09.14"]
[SourceVersion "1"]
[SourceVersionDate "2006.09.14"]
[SourceQuality "1"]

1. e4 c5 2. Nf3 Nc6 3. d4 cxd4 4. Nxd4 e6 5. Nc3 Bb4 6. Ndb5 a6 7. Nd6+ Ke7 8. Nxc8+ Rxc8 9. Bd3 f6 10. 0-0 Bxc3 11. bxc3 Ne5 12. f4 Nxd3 13. Qxd3 Qb6+ 14. Be3 Qc6 15. Rad1 Nh6 16. Kh1 Rhd8 17. Bd4 d6 18. e5 dxe5 19. fxe5 f5 20. Qg3 Kf7 21. Rb1 b5 22. a4 Rb8 23. a5 Rbc8 24. Rfd1 Rd5 25. Rd3 Kg8 26. Qf4 Qc7 27. Ra1 Kh8 28. Re3 Qe7 29. Rg3 Rc4 30. Qe3 Qc7 31. Bb6 Qd7 32. h3 f4 0-1

[Event "St Jean op"]
[Site "St Jean sur Richelieu"]
[Date "2006.06.25"]
[Round "6"]
[White "Larochelle, Martial"]
[Black "Audet Bouchard, Nicolas"]
[Result "1-0"]
[WhiteElo "2158"]
[BlackElo "2190"]
[PlyCount "63"]
[EventDate "2006.06.23"]
[EventType "swiss"]
[EventRounds "6"]
[EventCountry "CAN"]
[SourceTitle "CBM 113 Extra"]
[Source "ChessBase"]
[SourceDate "2006.09.14"]
[SourceVersion "1"]
[SourceVersionDate "2006.09.14"]
[SourceQuality "1"]

1. Nf3 c5 2. c4 Nf6 3. Nc3 d5 4. cxd5 Nxd5 5. d4 cxd4 6. Qxd4 Nxc3 7. Qxc3 Nc6 8. e4 e6 9. Bb5 Bd7 10. 0-0 a6 11. Be2 Rc8 12. Rd1 Nb4 13. Qe5 f6 14. Qg3 Qc7 15. Bf4 e5 16. Nxe5 fxe5 17. Bxe5 Qc2 18. Bh5+ g6 19. Bxg6+ hxg6 20. Qxg6+ Kd8 21. Qf6+ Ke8 22. Qxh8 Be6 23. Bd6 Kf7 24. Qh5+ Kf6 25. Qe5+ Kf7 26. Qf4+ Kg8 27. Bxf8 Rxf8 28. Qg5+ Kh7 29. Qe7+ Rf7 30. Qxe6 Qxf2+ 31. Kh1 Nc2 32. Rd7 1-0

[Event "Quebec Montcalm op 7th"]
[Site "Quebec"]
[Date "2006.05.25"]
[Round "5"]
[White "Lapierre, Gaetan"]
[Black "Audet Bouchard, Nicolas"]
[Result "1-0"]
[WhiteElo "1800"]
[BlackElo "2192"]
[PlyCount "143"]
[EventDate "2006.05.??"]
[EventType "swiss"]
[EventRounds "5"]
[EventCountry "CAN"]
[SourceTitle "EXT 2007"]
[Source "ChessBase"]
[SourceDate "2006.11.23"]
[SourceVersion "1"]
[SourceVersionDate "2006.11.23"]
[SourceQuality "1"]

1. e4 c5 2. Nc3 Nc6 3. g3 g6 4. Bg2 Bg7 5. d3 e6 6. Nge2 Nge7 7. 0-0 0-0 8. Be3 Nd4 9. Nc1 d6 10. Qd2 Rb8 11. Nd1 b6 12. c3 Ndc6 13. d4 Ba6 14. Re1 cxd4 15. cxd4 Rc8 16. f4 d5 17. e5 Na5 18. b3 Qc7 19. Bf1 Bxf1 20. Kxf1 Qc2 21. Re2 Qxd2 22. Rxd2 h5 23. Ne2 Nf5 24. Bf2 a6 25. h3 Rc7 26. g4 hxg4 27. hxg4 Nh6 28. Ne3 Rfc8 29. Kg2 Bf8 30. Rh1 Nc6 31. Bh4 f5 32. exf6 Nb4 33. Kf3 Nc2 34. Bg5 Nf7 35. Ng2 Nd6 36. Bh6 Ne4 37. Rdd1 Nxf6 38. Bxf8 Kxf8 39. Rh6 Kg7 40. g5 Ng8 41. Rh2 Ne7 42. f5 exf5 43. Rdh1 Rg8 44. Ngf4 Rc6 45. Rh7+ Kf8 46. R1h6 Rg7 47. Rh8+ Ng8 48. Rh1 Re7 49. Nxd5 Rg7 50. Nf6 Kf7 51. d5 Rd6 52. Rc1 Nxf6 53. gxf6 Kxf6 54. Rxc2 Ke5 55. Nf4 b5 56. Re2+ Kf6 57. Rf8+ Rf7 58. Rxf7+ Kxf7 59. Re6 Rxe6 60. Nxe6 Ke7 61. Ke3 Kd6 62. Kd4 a5 63. a3 a4 64. b4 Ke7 65. Ke5 Kd7 66. Ng5 Ke7 67. d6+ Kd7 68. Kd5 f4 69. Nf3 Kd8 70. Ke6 Ke8 71. d7+ Kd8 72. Kd6 1-0

[Event "Quebec Montcalm op 7th"]
[Site "Quebec"]
[Date "2006.05.17"]
[Round "4"]
[White "Audet Bouchard, Nicolas"]
[Black "Cournoyer, Dominic"]
[Result "1-0"]
[WhiteElo "2192"]
[BlackElo "1762"]
[PlyCount "57"]
[EventDate "2006.05.??"]
[EventType "swiss"]
[EventRounds "5"]
[EventCountry "CAN"]
[SourceTitle "EXT 2007"]
[Source "ChessBase"]
[SourceDate "2006.11.23"]
[SourceVersion "1"]
[SourceVersionDate "2006.11.23"]
[SourceQuality "1"]

1. e4 d5 2. exd5 Qxd5 3. Nc3 Qe6+ 4. Be2 Qg6 5. Nf3 e6 6. 0-0 Nc6 7. d4 Bd7 8. Bd3 Qh5 9. Ne4 0-0-0 10. Ng3 Qa5 11. c3 h6 12. b4 Qd5 13. b5 Na5 14. Qe2 g5 15. c4 Qd6 16. Ne4 Qe7 17. Bd2 f5 18. Nc5 b6 19. Bxa5 bxc5 20. Ne5 Qe8 21. Bc3 Rh7 22. Qe3 cxd4 23. Bxd4 c6 24. Bxa7 cxb5 25. Qb6 Bd6 26. Qa6+ Kc7 27. Bb6+ Kb8 28. Qa7+ Kc8 29. Qa8+ 1-0